| 000 -LEADER | |
|---|---|
| fixed length control field | 00473nam a22001817a 4500 |
| 005 - DATE AND TIME OF LATEST TRANSACTION | |
| control field | 20230118110654.0 |
| 008 - FIXED-LENGTH DATA ELEMENTS--GENERAL INFORMATION | |
| fixed length control field | 200318b xxu||||| |||| 00| 0 eng d |
| 020 ## - INTERNATIONAL STANDARD BOOK NUMBER | |
| ISBN | 9788123922546 |
| 041 ## - LANGUAGE CODE | |
| Language code of text/sound track or separate title | eng |
| 082 ## - DEWEY DECIMAL CLASSIFICATION NUMBER | |
| Classification number | 615.4 |
| 100 ## - MAIN ENTRY--AUTHOR NAME | |
| Personal name | KAR , ASHUTOS |
| 245 ## - TITLE STATEMENT | |
| Title | PHARMACEUTICAL ANALYSIS |
| Statement of responsibility, etc | ASHUTOS , KAR |
| 250 ## - EDITION STATEMENT | |
| Edition statement | 1'ST |
| 260 ## - PUBLICATION, DISTRIBUTION, ETC. (IMPRINT) | |
| Place of publication | NEW DELHI |
| Name of publisher | CBS PUBLISHERS AND DISTRIBUTORS |
| Year of publication | 2018 |
| 300 ## - PHYSICAL DESCRIPTION | |
| Number of Pages | 596P. ; XXIX |
| 650 ## - SUBJECT ADDED ENTRY--TOPICAL TERM | |
| Topical Term | PHARMCY |
| General subdivision | D.PHARMA |
| 942 ## - ADDED ENTRY ELEMENTS (KOHA) | |
| Koha item type | Books |
| Lost status | Damaged status | Home library | Current library | Shelving location | Date acquired | Source of acquisition | Cost, normal purchase price | Full call number | Accession Number | Koha item type | Collection code |
|---|---|---|---|---|---|---|---|---|---|---|---|
| JRU Library | JRU Library | SHELF-5-E | 18/03/2020 | PURCHASE | 595.00 | 615.4 | 23792 | Books | |||
| JRU Library | JRU Library | SHELF-4-D | 18/03/2020 | PURCHASE | 595.00 | 615.4 | 23793 | Books | Reference |